00990nam a2200253 a 450000100060000000300080000600500170001400800410003102000150007203500190008704000320010604100080013808200280014610000370017424500600021126000410027130000250031250400380033765000470037594200120042299900170043495201420045195201430059352947BD-RjUL20211209075902.0161001s1989 enk b 001 0 eng c a0412309904 a(BD-RjUL)53067 aDNLM/DLCcDLCdBD-RjULbeng aeng00a614.40727223bBEA 19891 aBecker, Niels G.,d1942-915828410aAnalysis of infectious disease data /cNiels G. Becker. aNew York :bChapman and Hall,c1989. aix, 224 p. ;c22 cm. aIncludes indexes and Bibliography 0aEpidemiologyxStatistical methods.9158286 2ddccBK c52947d52947 00102ddc40708NFICaRUCLbRUCLcStackd2008-09-16eAuthority, R.U.C.Ll0o614.40727 BEA 1989r2016-10-01 00:00:00tC-2w2021-12-09yBK 00102ddc40718NFICaRUCLbRUCLcReadingd2008-09-16eAdmistrator of RUl0o614.40727 BEA 1989r2017-03-18 00:00:00tC-1w2017-03-18yBK